| 000 | 03743nam1a2200409 i 4500 | ||
|---|---|---|---|
| 001 | RU\NLR\BIBL_A\010846120 | ||
| 005 | 20260409075606.0 | ||
| 035 | _a(NLR Aleph) 010846120 | ||
| 090 |
_a10352057 _c10352057 |
||
| 100 | _a20150330g20149999k y0rusy50 ca | ||
| 101 | 0 |
_arus _deng |
|
| 102 | _aRU | ||
| 105 | _a| z ||||| | ||
| 200 | 1 |
_aПравославный ученый в современном мире. Духовно-нравственная культура и цели российского образования: новации, преемственность, мировоззренческие парадигмы _eматериалы 3-й международной научно-практической конференции, Свято-Троице Сергиева лавра, Сергиев Посад, 16 октября 2014 г., [проходившей в рамках форума "Духовное служение отечеству"] _fФорум "Духов. служение отечеству" _g[редкол.: гл. ред. - Прот. Геннадий Заридзе и др.] |
|
| 210 |
_aВоронеж _cИстоки _d2014 |
||
| 215 | _d21 | ||
| 300 | _aНа доп. тит. л. загл. на англ. яз.: Proceedings of the III international conference 'Orthodox christian scholar in the modern world' | ||
| 300 | _aВ надзаг.: Моск. Православ. духов. акад., Межрегион. просвет. обществ. орг. "Об-ние православ. ученых", Межрегион. обществ. орг. "Совет ректоров мед. и фармацевт. вузов России" [и др.] | ||
| 300 | _aРез. на англ. яз. | ||
| 300 | _aНа тит. л.: 700 лет со дня рождения прп. Сергия Радонежского. 200 лет пребывания Моск. духов. акад. в стенах Свято-Троиц. Сергиевой лавры | ||
| 517 | 1 |
_aProceedings of the III international conference 'Orthodox christian scholar in the modern world' _zeng |
|
| 606 | 1 |
_aНаука и православие _jСъезды, совещания и т.п _91681113 _3RU\NLR\AUTH\66746399 |
|
| 606 | 1 |
_aПравославие и образование _jСъезды, совещания и т.п _92280388 _3RU\NLR\AUTH\661366281 |
|
| 606 |
_aДуховно-нравственное воспитание _jСъезды, совещания и т.п _3RU\NLR\AUTH\661472659 _92480714 |
||
| 686 | 2 | _aЭ372.24-12я431 | |
| 686 | 2 | _aЭ372.24-117.33я431 | |
| 686 | 1 | _aЧ34(0)01я431 | |
| 686 | 1 | _aЧ313.52я431 | |
| 702 | 1 |
_4340 _7ca _8rus _aЗаридзе _bГ. В. _cпротоиерей _f1959- _gГеннадий Владимирович _9210118 _3RU\NLR\AUTH\770210172 |
|
| 711 | 1 | 2 |
_a"Православный ученый в современном мире. Духовно-нравственная культура и цели российского образования: новации, преемственность, мировоззренческие парадигмы", международная научно-практическая конференция _d3 _eСергиев Посад _f2014 _9474181 _3RU\NLR\AUTH\880403576 |
| 711 | 1 | 2 |
_a"Духовное служение отечеству", форум _eСергиев Посад _f2014 _9474264 _3RU\NLR\AUTH\880403622 |
| 852 |
_aNLR _j2015-3/20419 |
||
| 942 | _cBOOK | ||